000 00784nas a2200253 4500
001 BR8500589
003 BR-BrBNA
005 20231205090110.0
007 ta
008 230509b bl.|||p| |||| 00| 00por d
040 _aBR-BrBNA
_bpor
_cBiblioteca Nacional de Agricultura
041 _a(Pt)
072 _aL73
100 1 _aCorrea, W.M.
100 1 _aCorrea, C.N.M.
100 1 _aIamaguti, P.
245 1 _aBrucelose canina por Brucella suis, 1, atipica
246 1 _aBrucella suis canine brucellosis, 1, atypical
650 _aCAO
650 _aBRUCELOSE CANINA
773 0 _tArquivo Brasileiro de Medicina Veterinaria e Zootecnia (Brazil)
_xISSN 0102-0935
_g(Aug 1984), v. 36(4) p. 397-405
_wBR8500589
909 _a202311
_bLúcia
_c55
_dLúcia Elande
942 _2AGRIS
_n0
_cANA
999 _c116145
_d116145